Contes del pa i el tomàquet : trobada dels bibliobusos amb l'Amèrica Llatina : Programa de foment de la lectura 2002 trobada dels bibliobusos amb l'Amèrica Llatina :
Publicado:
[Barcelona] :
Diputació de Barcelona, Xarxa de Municipis, Àrea de Cultura, Servei de Biblioteques, [2002]
Descripción Física:
[4] p. ; 30 cm
MARC
| LEADER | 00000nam a2200000Ia 4500 | ||
|---|---|---|---|
| 001 | 15126 | ||
| 008 | 160829s9999 xx 000 0 cat d | ||
| 080 | |a FU-34-18 | ||
| 245 | |a Contes del pa i el tomàquet : |b trobada dels bibliobusos amb l'Amèrica Llatina : |b Programa de foment de la lectura 2002 | ||
| 260 | |a [Barcelona] : |b Diputació de Barcelona, Xarxa de Municipis, Àrea de Cultura, Servei de Biblioteques, [2002] | ||
| 300 | |a [4] p. ; |c 30 cm | ||
| 650 | 0 | |a Bibliobusos |z Barcelona (Província) |x Activitats culturals |9 49254 | |
| 650 | |a Narració de contes |9 21866 | ||
| 710 | |a Barcelona (Catalunya : Província). |b Servei de Biblioteques |9 4217 | ||
| 901 | |a Arxiu | ||
| 942 | |n 1 |2 udc | ||
| 952 | |0 0 |1 0 |4 0 |6 FU3418 |7 1 |9 41886 |a Arxiu |b Arxiu |d 2016-12-01 |l 0 |o FU-34-18 |p 15126 |r 2016-12-01 00:00:00 |w 2016-12-01 |y ARXIU | ||
| 999 | |c 44333 |d 44333 | ||